Export - obchodný prípad bakalárska práca

Saved in:
Bibliographic Details
Main Author: Kriššák, Dušan
Corporate Author: Fakulta podnikového manažmentu EU. Katedra manažmentu
Other Authors: Füzyová, Ľubica
Format: Book
Language:Slovak
Published: Bratislava 2009
Tags: Add Tag
No Tags, Be the first to tag this record!

MARC

LEADER 00000nam$a2200000$$$4500
001 0103232
005 20240320074938.5
041 0 |a slo 
044 |a SK 
245 1 0 |a Export - obchodný prípad  |b bakalárska práca  |c Dušan Kriššák ; škol. Ľubica Füzyová 
264 1 |a Bratislava  |c 2009 
300 |a 55 s. 
100 1 |a Kriššák, Dušan 
700 1 |a Füzyová, Ľubica 
710 2 |a Fakulta podnikového manažmentu EU. Katedra manažmentu